History Quiz

Random History or Politics Quiz

US Presidents by First Letter Blitz Quiz Stats

 Plays Quiz Updated Aug 22, 2018

Score 0/44 Timer 01:00
9 Plays Today
Letter President % Correct
CCarter, Jimmy
92.2%
CCleveland, Grover
92.2%
CClinton, Bill
92.2%
CCoolidge, Calvin
92.1%
AAdams, John
91.3%
AAdams, John Quincy
91.3%
AArthur, Chester
91.3%
JJackson, Andrew
88.1%
JJohnson, Andrew
88.1%
JJefferson, Thomas
88.1%
JJohnson, Lyndon B.
88.1%
BBuchanan, James
87.5%
BBush, George H.W.
87.5%
BBush, George W.
87.5%
TTaft, William Howard
86.4%
TTaylor, Zachary
86.4%
TTruman, Harry
86.4%
TTrump, Donald
86.4%
TTyler, John
86.4%
HHarding, Warren
82.9%
HHarrison, Benjamin
82.9%
HHarrison, William Henry
82.9%
Letter President % Correct
HHayes, Rutherford B.
82.9%
HHoover, Herbert
82.9%
WWashington, George
82.1%
WWilson, Woodrow
82.1%
OObama, Barack
81.4%
RReagan, Ronald
81.1%
RRoosevelt, Franklin
81.1%
RRoosevelt, Theodore
81.1%
LLincoln, Abraham
73.8%
EEisenhower, Dwight
71.5%
FFillmore, Millard
70.8%
FFord, Gerald
70.8%
MMadison, James
70.6%
MMcKinley, William
70.6%
MMonroe, James
70.6%
PPierce, Franklin
68.5%
NNixon, Richard
68.5%
PPolk, James K.
68.5%
GGarfield, James
67.5%
GGrant, Ulysses
67.5%
KKennedy, John F.
67.5%
VVan Buren, Martin
55.7%

You're not logged in!

Compare scores with friends on all Sporcle quizzes.
OR
Log In

Sporcle TV

Today on Sporcle TV


Watch our educational content, quiz creation guides, and fun videos on Sporcle TV.

Show Comments

Extras

Top Quizzes Today


Score Distribution

Your Account Isn't Verified!

In order to create a playlist on Sporcle, you need to verify the email address you used during registration. Go to your Sporcle Settings to finish the process.

Report this User

Report this user for behavior that violates our Community Guidelines.

Details: